| 000 | 00961nam a22002535i 4500 | ||
|---|---|---|---|
| 001 | 176659 | ||
| 003 | ES-MaACL | ||
| 005 | 20251009191227.0 | ||
| 008 | 110131s2008 sp |||| | spa d | ||
| 080 | _a1 Millán Puelles, Antonio | ||
| 080 | _a165.82 | ||
| 245 | 0 | 3 |
_aEl realismo filosófico / _cMiguel Acosta López ... [et al.] ; Javier Borrego Gutiérrez, Antonio Piñas Mesa (editores). |
| 260 |
_aMadrid : _bCEU, _cD. L. 2008. |
||
| 300 |
_a62 p. ; _c30 cm. |
||
| 490 | 1 |
_aDocumenta laboris. Serie Filosofía ; _v1/2008 |
|
| 600 | 1 | 7 |
_aMillán Puelles, Antonio, _d1921-2005- _xCrítica e interpretación _2 _9144931 |
| 650 | 0 | 4 |
_aRealismo. _916685 |
| 700 | 1 |
_aAcosta López, Miguel. _9144928 |
|
| 700 | 1 |
_aBorrego Gutiérrez, Javier. _9144929 |
|
| 700 | 1 |
_aPiñas Mesa, Antonio, _d1974- _9144930 |
|
| 830 | 0 |
_aDocumenta laboris. Serie Filosofía ; _v1/2008 _9224050 |
|
| 852 |
_aES-MaACL _j2287-F-13 |
||
| 999 |
_c176659 _d176659 |
||